| 000 | 01184cam a22003254i 4500 | ||
|---|---|---|---|
| 003 | OSt | ||
| 005 | 20240530110426.0 | ||
| 008 | 130225s2014 enka f b 001 0 eng | ||
| 020 | _a9780415826280 (hardback) | ||
| 020 | _a9781444146608 (pbk.) | ||
| 020 | _z9780203431269 (ebook) | ||
| 040 |
_aEG-CaGPL _cEG-CaGPL |
||
| 042 | _apcc | ||
| 082 | 0 | 4 |
_221 _a425\ _bH H |
| 100 | 1 |
_aHalliday, M. A. K. _q(Michael Alexander Kirkwood), _d1925- |
|
| 240 | 1 | 0 | _aIntroduction to functional grammar |
| 245 | 1 | 0 |
_aHalliday's introduction to functional grammar / _cM.A.K. Halliday, Revised by Christian M.I.M. Matthiessen. |
| 250 | _aFourth Edition. | ||
| 264 | 1 |
_aMilton Park, Abingdon, Oxon : _bRoutledge, _c2014. |
|
| 300 |
_axviii, 786 pages : _billustrations ; _c25 cm |
||
| 336 |
_atext _2rdacontent |
||
| 337 |
_aunmediated _2rdamedia |
||
| 338 |
_avolume _2rdacarrier |
||
| 500 | _aPrevious ed. published as: Introduction to functional grammar, 2004. | ||
| 504 | _aIncludes bibliographical references and index. | ||
| 650 | 0 | _aFunctionalism (Linguistics) | |
| 650 | 0 | _aGrammar, Comparative and general. | |
| 700 | 1 |
_aMatthiessen, Christian M. I. M., _eauthor. |
|
| 942 |
_2ddc _cBK |
||
| 999 |
_c60754 _d60754 |
||